SIMULATION OF AUTOMATIC POSITIONING MICROSYSTEM

Bibliographic Details
Main Author: Soaita, Dumitru (Author)
Format: Article
Language:English
ISBN:8070995246

MARC

LEADER 00000naa a2200000uu 4500
001 vtls010948856
003 SK-MaSNL
005 20260302125305.0
008 210905|2000 xo |||||||||||||||||eng|
015 |a SNBRA 
035 |a (urnnbn)urn:nbn:sk:snk:ar-a0bhzh 
035 |a (uuid)a52d3544-e051-4d01-aec1-5b9098fc0c51 
035 |a urn:nbn:sk:snk-aaua2k 
040 |a SNKBUCL  |b slo  |c SNKBUCL  |e AACR2 
041 0 |a eng 
044 |a xo  |c SK 
100 1 |a Soaita, Dumitru  |4 aut  |9 812213 
245 1 0 |a SIMULATION OF AUTOMATIC POSITIONING MICROSYSTEM  |c Dumitru Soaita 
773 0 |t Nové smery vo výrobných technológiách 2000  |d Košice : Technická univerzita, 2000, 2000  |g S. 426-429  |z 8070995246 
958 |a OND 
958 |a article11 
958 |a chapter 
999 |c 1292849  |d 1294779